Environmental Changes & Society (Record no. 215879)

MARC details
000 -LEADER
fixed length control field 00612nam a2200205 4500
005 - DATE AND TIME OF LATEST TRANSACTION
control field 20260415111735.0
010 ## - LCCN (DPL NO)
LC control number ENG-148275
020 ## - INTERNATIONAL STANDARD BOOK NUMBER
International Standard Book Number 9789393166395
Terms of availability 599.00
035 ## - SYSTEM CONTROL NUMBER
System control number EN-131807
037 ## - SOURCE OF ACQUISITION
Source of stock number/acquisition DBAD
082 ## - DEWEY DECIMAL CLASSIFICATION NUMBER
Edition number 1
Classification number 363.7
100 ## - MAIN ENTRY--PERSONAL NAME
Personal name Tripathi, A. M.
245 ## - TITLE STATEMENT
Title Environmental Changes & Society
Statement of responsibility, etc A. M. Tripathi
250 ## - EDITION STATEMENT
Edition statement 1st Edition, 2023
260 ## - PUBLICATION, DISTRIBUTION, ETC. (IMPRINT)
Place of publication, distribution, etc Kanpur, Uttar Pradesh
Name of publisher, distributor, etc Social Research Foundation
270 ## - ADDRESS
Address 128/170, H-Block, Kidwai Nagar
City India
300 ## - PHYSICAL DESCRIPTION
Extent 159.pg
Dimensions 21cm(hb)
700 ## - ADDED ENTRY--PERSONAL NAME
Personal name A. M.. Tripathi
9 (RLIN) 88900
942 ## - ADDED ENTRY ELEMENTS (KOHA)
Source of classification or shelving scheme Dewey Decimal Classification
Item type English Books
Edition 1
Classification part 363.7
Call number suffix ENV

No items available.


© Delhi Public Library
Hit Counter
free hit counter